LEADER 00950nam a2200229 i 4500 001 000000204718 003 CaOOAMICUS 005 20110803000000.0 008 110803s1973 it u000 u ita u 013 $a183446 040 $aSeMil$bita 110 0 $aArcidiocesi di Milano : Consiglio Presbiteriale <2.>.$0(OLS)http://semarc/name/73774 245 12$a[L'identità della parrocchia] /$cSecondo Consiglio Presbiteriale della Diocesi di Milano. 260 $a[S.l. :$bs.n.],$c1973. 300 $a19 p. ;$c22 cm. 500 $aIn mezzo alla cop. : 5. sessione, 23 ottobre 1973. 650 4$aMilano - Consiglio presbiterale - 1973.$0(OLS)http://semarc/subject/38555 850 $aSeMil 852 $aSeMil$W1$xVenegono$y1$m5D X 23/3$j155212$B155212$CSeMilBibl$Z2$F166114 $81 961 $aOmaggio: Altro 996 $6245$a[L'identità della parrocchia]$9(OLS)http://semarc/title/296560 996 $6260$a[S.l. :$bs.n.]$9(OLS)http://semarc/publisher/29751 LEADER 00885nam a2200217 i 4500 001 000000205876 003 CaOOAMICUS 005 20161128000000.0 008 161128s2006 it u000 u ita u 013 $a184621 040 $aSeMil$bita 100 1 $aMonza, Luigi,$c.$0(OLS)http://semarc/name/11113 245 10$aDon Luigi Monza :$bbeato. 260 $a[S.l. :$bs.n.],$cstampa 2006$e(Annone Brianza (Lc) :$fGrafiche Riga,$gstampa 2006) 300 $a77 p. :$bill. ;$c20 cm. 600 14$aMonza, Luigi .$0(OLS)http://semarc/subject/7178 850 $aSeMil 852 $aSeMil$W1$xVenegono$y1$m3H II 462$j156367$B156367$CSeMilBibl$Z2$F216911 $81 961 $aOmaggio: Gallivanone don Franco 996 $6245$aDon Luigi Monza :$bbeato$9(OLS)http://semarc/title/297910 996 $6260$a[S.l. :$bs.n.]$9(OLS)http://semarc/publisher/29751